|
|
|
|
| LEADER |
00000nam0a2200000 4500 |
| 001 |
329036 |
| 005 |
20231101025100.0 |
| 035 |
|
|
|a (RuTPU)RU\TPU\book\354776
|
| 035 |
|
|
|a RU\TPU\book\354775
|
| 090 |
|
|
|a 329036
|
| 100 |
|
|
|a 20170302d1929 k y0rusy50 ca
|
| 101 |
0 |
|
|a rus
|
| 102 |
|
|
|a RU
|
| 105 |
|
|
|a y z 000zy
|
| 200 |
1 |
|
|a Современное состояние вопроса о прочности бетона
|d Der gegenwartige Zustand der Festigkeitsfrage des Betons
|f С. А. Данилов
|g Государственный дальневосточный университет (ГДУ)
|
| 210 |
|
|
|a Владивосток
|c Типография ГДУ
|d 1929
|
| 215 |
|
|
|a 26 с.
|
| 225 |
1 |
|
|a Труды государственного Дальневосточного университета
|
| 225 |
1 |
|
|a Серия 13: Техника
|v № 11
|
| 300 |
|
|
|a Парал. заглавие, резюме на англ., нем. яз.
|
| 510 |
1 |
|
|a Der gegenwartige Zustand der Festigkeitsfrage des Betons
|z ger
|
| 606 |
1 |
|
|a Бетон
|x Прочность
|2 stltpush
|3 (RuTPU)RU\TPU\subj\28374
|
| 610 |
1 |
|
|a изготовление
|
| 610 |
1 |
|
|a исследования
|
| 610 |
1 |
|
|a состав
|
| 610 |
1 |
|
|a таблицы
|
| 610 |
1 |
|
|a опыт
|
| 675 |
|
|
|a 691.327:53
|v 4
|
| 700 |
|
1 |
|a Данилов
|b С. А.
|
| 712 |
0 |
2 |
|a Государственный дальневосточный университет (ГДУ)
|c (Владивосток)
|c (1920-1930)
|2 stltpush
|3 (RuTPU)RU\TPU\col\19935
|
| 801 |
|
1 |
|a RU
|b 63413507
|c 20170216
|
| 801 |
|
2 |
|a RU
|b 63413507
|c 20170317
|g RCR
|
| 942 |
|
|
|c BK
|